[Event "Thessaloniki op-B 1st"]
[Site "Thessaloniki"]
[Date "2022.08.09"]
[Round "8"]
[White "Petridis, Dimitrios Panagioti"]
[Black "Iatrou, Marios I"]
[Result "1-0"]
[WhiteElo "1333"]
[BlackElo "1275"]
[PlyCount "57"]
[EventDate "2022.08.03"]
[EventType "swiss"]
[EventRounds "9"]
[EventCountry "GRE"]
[SourceTitle "EXT 2024"]
[Source "ChessBase"]
[SourceDate "2023.10.10"]
[SourceVersion "1"]
[SourceVersionDate "2023.10.10"]
[SourceQuality "1"]

1. e4 e5 2. Nf3 Nc6 3. Bc4 Bc5 4. 0-0 Nf6 5. d3 d6 6. a4 a5 7. Re1 Be6 8. Nbd2 0-0 9. c3 Bb6 10. Bb3 h6 11. Nf1 Re8 12. Ng3 d5 13. exd5 Bxd5 14. Bc2 Qd7 15. Be3 Bxe3 16. fxe3 Be6 17. e4 Bg4 18. Qe2 Ne7 19. Nxe5 Qe6 20. Nxg4 Nxg4 21. d4 Ng6 22. e5 N6xe5 23. Bf5 Qb6 24. Bxg4 Ng6 25. Qf2 Qb3 26. Ne4 b6 27. Bd7 Rxe4 28. Rxe4 Qd5 29. Qf5 1-0